le surréalisme - Statistiques

Statistiques générales
  • Ce quiz a été pris 3 fois
  • Le résultat moyen est 4 sur 14
Statistiques - réponses
Hint Réponse % Correct
Auteurs Breton
67%
année début-milieu 20ème
67%
art= instrument de libération
33%
art= instrument de révolution
33%
calligrammes
33%
procédés collages
33%
thèmes l'amour fou
33%
la révolte
33%
métaphores
33%
Paul Eluard
0%
rejet du rationalisme
0%
rencontres insolites
0%
rêves,inconscient
0%
principe rôle du hasard
0%
Aucun quiz correspondant
Distribution des résultats
% des personnes avec chaque résultat
Percentile par nombre de réponses
Votre historique - résultats
Vous n’avez pas pris ce quiz